[Event "10th ECC w"]
[Site "Saint Vincent ITA"]
[Date "2005.09.22"]
[Round "5"]
[White "Vasilevich,T"]
[Black "Gara,A"]
[Result "1/2-1/2"]
[WhiteElo "2393"]
[BlackElo "2372"]
[EventDate "2005.09.18"]

1. d4 e6 2. g3 d5 3. Bg2 c5 4. Nf3 Nc6 5. O-O Nf6 6. c4 Be7 7. cxd5 exd5 8.
Be3 Ng4 9. Bf4 Be6 10. Nc3 O-O 11. Rc1 g5 12. Bd2 cxd4 13. Nb5 Qb6 14. Qa4
Bf6 15. Bxg5 a6 16. Bxf6 axb5 17. Bxd4 Rxa4 18. Bxb6 Rxa2 19. Rc2 Nb4 20.
Rd2 Rc8 21. h3 Nf6 22. Nd4 Nd7 23. Nxe6 Nxb6 24. Nf4 Nc4 25. Rd4 Rxb2 26.
Nxd5 Nxd5 27. Bxd5 Rxe2 28. Bxb7 Rc7 29. Bd5 Ne5 30. Ra1 Kg7 31. Kg2 Ng6
32. Ra3 Rd7 33. Rad3 Ne5 34. Rb3 Rd6 35. Rbb4 Rf6 36. Rf4 Nd3 37. Rxf6 Kxf6
38. Rxb5 Rxf2+ 39. Kg1 Rb2 40. Rxb2 Nxb2 41. Bb3 Kg7 42. Kf2 Nd3+ 43. Ke3
Ne5 44. Ke4 f6 45. Kf5 Nc6 46. Bc4 Ne5 47. Bd5 Nd3 48. h4 Ne5 49. Ba2
1/2-1/2

[Event "10th ECC w"]
[Site "Saint Vincent ITA"]
[Date "2005.09.22"]
[Round "5"]
[White "Todorovic,O"]
[Black "Adriaans,M"]
[Result "1-0"]
[WhiteElo "2051"]
[BlackElo "2033"]
[EventDate "2005.09.18"]

1. e4 e6 2. d3 d5 3. Qe2 Nf6 4. Nf3 b6 5. e5 Nfd7 6. g3 c5 7. Bg2 Be7 8.
O-O Bb7 9. c4 dxc4 10. dxc4 Qc7 11. Nc3 a6 12. h4 Nc6 13. Bf4 h6 14. Nd5
exd5 15. cxd5 O-O-O 16. e6 Nde5 17. dxc6 Qxc6 18. Qxe5 Bd6 19. Qf5 g6 20.
Qf6 Bxf4 21. Qxf4 Qxe6 22. Rfe1 Qc6 23. Re7 f5 24. Ne1 1-0

[Event "10th ECC w"]
[Site "Saint Vincent ITA"]
[Date "2005.09.23"]
[Round "6"]
[White "Dzagnidze,N"]
[Black "Lahno,Kateri"]
[Result "1-0"]
[WhiteElo "2438"]
[BlackElo "2498"]
[EventDate "2005.09.18"]

1. Nf3 Nf6 2. g3 g6 3. Bg2 Bg7 4. c4 O-O 5. O-O d6 6. Nc3 Nc6 7. Rb1 e5 8.
b4 e4 9. Ng5 Nh5 10. b5 Nd4 11. e3 Ne6 12. Nxe6 Bxe6 13. Bxe4 Bxc4 14. Bxb7
Rb8 15. Bc6 Bxf1 16. Qxf1 Nf6 17. d4 h5 18. Rb3 h4 19. Ra3 hxg3 20. hxg3
Ng4 21. Rxa7 Qg5 22. Rxc7 Qh6 23. Qe2 Qh2+ 24. Kf1 Qh5 25. Ke1 Rfc8 26. Ra7
f5 27. Kd2 Kh8 28. Ba3 Qh2 29. f3 Nf2 30. Nd1 Qxg3 31. Qxf2 Qh3 32. Bxd6 f4
33. Bxf4 Qf5 34. Bxb8 1-0

[Event "10th ECC w"]
[Site "Saint Vincent ITA"]
[Date "2005.09.23"]
[Round "6"]
[White "Kovalevskaya,E"]
[Black "Lomineishvili,M"]
[Result "1/2-1/2"]
[WhiteElo "2471"]
[BlackElo "2420"]
[EventDate "2005.09.18"]

1. Nf3 Nf6 2. g3 g6 3. Bg2 Bg7 4. O-O O-O 5. d4 d5 6. c4 c6 7. cxd5 cxd5 8.
Nc3 Nc6 9. Ne5 e6 10. Nxc6 bxc6 11. Na4 Nd7 12. Bf4 Ba6 13. Rc1 Rc8 14. Bd6
Re8 15. Nc5 Nxc5 16. Bxc5 e5 17. dxe5 Bxe5 18. Rc2 Qa5 19. b4 Qa4 20. Re1
Bc4 21. Qd2 a5 22. bxa5 Ra8 23. Bb6 Bd6 24. Rb2 Be5 25. Rc2 Bd6 26. Rb2 Be5
27. Rc2 1/2-1/2

[Event "10th ECC w"]
[Site "Saint Vincent ITA"]
[Date "2005.09.23"]
[Round "6"]
[White "Matnadze,A"]
[Black "Kochetkova,J"]
[Result "1/2-1/2"]
[WhiteElo "2389"]
[BlackElo "2346"]
[EventDate "2005.09.18"]

1. d4 d5 2. g3 Nf6 3. Nf3 Bf5 4. Bg2 e6 5. O-O c6 6. c4 Nbd7 7. Nc3 Qb6 8.
c5 Be7 9. Qb3 Qxb3 10. axb3 O-O 11. b4 a6 12. Nd2 e5 13. dxe5 Nxe5 14. Nb3
Rad8 15. Bf4 Ng6 16. Nd4 Bc8 17. Bc7 Rde8 18. Rfe1 Bd8 19. Bd6 Be7 20. Bc7
Bd8 21. Bb8 Kh8 22. f4 Rg8 23. Bd6 Ne7 24. e4 dxe4 25. Nxe4 Nxe4 26. Bxe4
Bg4 27. Kf2 Ng6 28. Bf3 Bf6 29. Red1 Bc8 30. Rd2 Ne7 31. Rad1 Nf5 32. Nxf5
Bxf5 33. g4 Bh4+ 34. Kg2 Bc8 35. Be5 Be7 36. Bc3 a5 37. bxa5 Bxc5 38. f5 h6
39. a6 bxa6 40. Bxc6 Re3 41. Rd8 Be7 42. Rxg8+ Kxg8 43. Kf2 Rh3 44. Kg2 Re3
45. Bf3 h5 46. h3 hxg4 47. hxg4 Kf8 48. Bd4 Rb3 49. Rh1 Kg8 50. Re1 Bb7 51.
Bxb7 Rxb7 52. Bc3 Bf6 53. Re8+ Kh7 54. Ra8 Bxc3 55. bxc3 Rb6 56. Kg3 Rc6
57. Kh4 g6 58. Ra7 Kg7 59. Kg5 gxf5 60. gxf5 Rb6 61. Rc7 a5 62. Ra7 Rc6 63.
Rxa5 Rxc3 64. Ra6 Rc5 65. Kf4 Rc4+ 1/2-1/2

[Event "10th ECC w"]
[Site "Saint Vincent ITA"]
[Date "2005.09.23"]
[Round "6"]
[White "Mkrtchian,L"]
[Black "Javakhishvili,L"]
[Result "1-0"]
[WhiteElo "2447"]
[BlackElo "2410"]
[EventDate "2005.09.18"]

1. e4 c5 2. Nf3 Nc6 3. d4 cxd4 4. Nxd4 Qc7 5. Nc3 e6 6. Be2 a6 7. O-O Nf6
8. Be3 Be7 9. f4 d6 10. a4 O-O 11. Kh1 Re8 12. Bf3 Nd7 13. Qe2 Rb8 14. Qf2
Bf8 15. Rad1 Nb4 16. Bg4 b6 17. f5 e5 18. Nb3 Bb7 19. Rd2 Bc6 20. Bf3 Nf6
21. g4 d5 22. exd5 e4 23. dxc6 exf3 24. Qxf3 Nxg4 25. Bf4 Ne5 26. Re2 Bd6
27. Qg2 Nexc6 28. Ne4 Bxf4 29. Nf6+ Kf8 30. Nxh7+ Kg8 31. Nf6+ Kf8 32. Nh7+
Kg8 33. Nf6+ Kf8 34. Rxe8+ Rxe8 35. Nxe8 Kxe8 36. Qe4+ Be5 37. c3 Na2 38.
Nd4 Ne7 39. Nf3 Bf4 40. Qa8+ Qc8 41. Qe4 Bc1 42. Re1 Qc7 43. Qa8+ Qd8 44.
Qxa6 Kf8 45. Qc4 Qd5 46. Qxd5 Nxd5 47. Ne5 Bxb2 48. Nd7+ Kg8 49. Re8+ Kh7
50. Re2 Naxc3 51. Rxb2 Nxa4 52. Rb3 Kh6 53. Rd3 Ne7 54. f6 gxf6 55. Nxf6
Kg6 56. Nd7 f5 57. Nxb6 Nc5 58. Rg3+ Kf6 59. Kg2 Ne4 60. Ra3 Ng6 61. Nd5+
Kg5 62. Ra5 Nh4+ 63. Kf1 Nf3 64. Kg2 Nh4+ 65. Kg1 Nf3+ 66. Kh1 Nh4 67. Ne3
Nf2+ 68. Kg1 Nh3+ 69. Kf1 Nf4 70. Kf2 Ne6 71. Ng2 Ng6 72. Kg3 Kf6 73. Ra6
f4+ 74. Kf3 Kf5 75. Ra5+ Ne5+ 76. Kf2 Ke4 77. Ra4+ Kf5 78. h3 Nd3+ 79. Ke2
Ndc5 80. Rc4 Ke5 81. Ne1 Nd4+ 82. Kf1 Kd5 83. Rb4 Ne4 84. Rb8 Ng3+ 85. Kg2
Ngf5 86. Rd8+ Ke6 87. Nd3 Ke7 88. Ra8 Ne3+ 89. Kf2 Nd5 90. Ra4 Ne6 91. Kf3
Kf6 92. Ra5 Ng5+ 93. Kg4 Ne3+ 94. Kxf4 Ng2+ 95. Kg3 Ne3 96. Ra6+ Kf5 97. h4
Nf7 98. Kf3 Nc4 99. Ra4 Ncd6 100. Ra5+ Kf6 101. Kf4 Kg7 102. Ra6 Kg6 103.
Ne5+ Kh5 104. Nxf7 Nxf7 105. Ke4 1-0

[Event "10th ECC w"]
[Site "Saint Vincent ITA"]
[Date "2005.09.23"]
[Round "6"]
[White "Kosintseva,N"]
[Black "Cramling,P"]
[Result "0-1"]
[WhiteElo "2490"]
[BlackElo "2494"]
[EventDate "2005.09.18"]

1. e4 c5 2. Nf3 e6 3. d4 cxd4 4. Nxd4 a6 5. Bd3 Bc5 6. Nb3 Ba7 7. O-O Ne7
8. Nc3 Nbc6 9. Qe2 d6 10. Be3 e5 11. Rad1 O-O 12. Nd5 Ng6 13. c3 Be6 14.
Bc2 Nce7 15. Bxa7 Rxa7 16. Qe3 Nc8 17. Nc1 h6 18. Ne2 b5 19. a4 Bxd5 20.
Rxd5 Qc7 21. axb5 Nb6 22. Rdd1 axb5 23. b3 Rb8 24. Qd3 Ra2 25. Ra1 Rxa1 26.
Rxa1 b4 27. cxb4 Nd7 28. g3 Rxb4 29. Qd2 Rb6 30. b4 Qb7 31. Rb1 Nf6 32. f3
Ne7 33. Bd3 d5 34. exd5 Qxd5 35. Qe3 Qd6 36. b5 Ned5 37. Qf2 Rb8 38. Be4
Nxe4 39. fxe4 Nf6 40. Nc3 Qd3 41. Qe1 Rc8 42. Rc1 Ng4 43. h3 Nf6 44. Kg2
Nxe4 45. Nxe4 Rxc1 46. Qxc1 Qxe4+ 47. Kf2 Qd4+ 48. Ke2 Qe4+ 49. Kf2 Qf5+
50. Kg2 e4 51. Qf1 Qc5 52. Qe2 f5 53. Qb2 Qb6 54. Qb3+ Kf8 55. Qd5 g6 56.
Kf1 Ke7 57. Qe5+ Qe6 58. Qg7+ Kd6 59. Qf8+ Kd5 60. Qxh6 Kc5 61. Qf8+ Kxb5
62. Qb8+ Kc4 63. Ke2 Qa6 64. Ke3 Qa3+ 65. Kf4 Qf3+ 66. Kg5 Qh5+ 67. Kf6
Qxh3 68. Kxg6 Qg4+ 69. Kf6 e3 70. Qc8+ Kd3 71. Qa6+ Qc4 72. Qb7 e2 73. Qf3+
Kd2 74. Qf2 Qc3+ 75. Kg6 Kd1 0-1

[Event "10th ECC w"]
[Site "Saint Vincent ITA"]
[Date "2005.09.23"]
[Round "6"]
[White "Peptan,C"]
[Black "Kosintseva,T"]
[Result "1/2-1/2"]
[WhiteElo "2411"]
[BlackElo "2477"]
[EventDate "2005.09.18"]

1. e4 c5 2. c3 Nf6 3. e5 Nd5 4. g3 d6 5. exd6 Qxd6 6. Bg2 Nc6 7. Nf3 Bg4 8.
h3 Bh5 9. O-O e6 10. Na3 Be7 11. d4 cxd4 12. Nb5 Qd8 13. Nbxd4 O-O 14. Nxc6
bxc6 15. Qa4 c5 16. c4 Nb6 17. Qb3 Qc7 18. Bf4 Bd6 19. Bxd6 Qxd6 20. Rad1
Qc7 21. Qc3 Rad8 22. b3 f6 23. Rd2 Rxd2 24. Qxd2 Rd8 25. Qe2 Qd6 26. Re1 e5
27. g4 Bg6 28. Nh4 Bd3 29. Qe3 Qd4 30. Rd1 Qxe3 31. fxe3 Rd7 32. e4 Bc2 33.
Rc1 Rd1+ 34. Rxd1 Bxd1 35. Kf2 Bc2 36. Ke3 Nd7 37. Nf5 g6 38. Ng3 Nb8 39.
Kd2 Bb1 40. Kc1 Bd3 41. Kd2 Bb1 42. Bf1 h5 43. Bg2 hxg4 44. hxg4 Nc6 45.
Ne2 Nd4 46. Nc3 Bc2 47. Na4 f5 48. gxf5 gxf5 49. exf5 Bxf5 50. Nxc5 Kf7 51.
Be4 Bh3 52. Ke3 Kf6 53. b4 Bf1 54. Bd3 Bg2 55. Ne4+ Ke7 56. c5 Bh3 57. a4
Be6 58. b5 Kd7 59. Nd2 Bb3 60. a5 Ba4 61. Nc4 Ke6 62. Nd6 Kd5 63. b6 axb6
64. axb6 Kxc5 65. b7 Nc6 66. Be4 Kxd6 67. Bxc6 Kc7 68. Bxa4 Kxb7 1/2-1/2

[Event "10th ECC w"]
[Site "Saint Vincent ITA"]
[Date "2005.09.23"]
[Round "6"]
[White "Zhukova,N"]
[Black "Benderac,A"]
[Result "1/2-1/2"]
[WhiteElo "2478"]
[BlackElo "2289"]
[EventDate "2005.09.18"]

1. d4 d5 2. c4 c6 3. Nf3 Nf6 4. Nc3 e6 5. Bg5 Be7 6. e3 Nbd7 7. Qc2 O-O 8.
Bd3 Re8 9. O-O h6 10. Bh4 b6 11. Rfd1 Bb7 12. Rac1 Rc8 13. Qe2 Ne4 14. Bxe7
Nxc3 15. Rxc3 Qxe7 16. cxd5 cxd5 17. Ra3 a5 18. Bb5 Rc7 19. Rb3 Bc6 20. a4
Bxb5 21. Qxb5 Rec8 22. g3 g5 23. Kg2 g4 24. Ne5 Nxe5 25. dxe5 Qg5 26. Rd4
Rc2 27. Rf4 Qh5 28. h4 gxh3+ 29. Kh2 R8c4 30. e4 Rxe4 31. Rbf3 Rxf4 32.
Rxf4 Rc4 33. Rxc4 dxc4 34. Qxb6 Qxe5 35. Kxh3 c3 36. bxc3 Qxc3 37. Kg2 Qe5
38. Qb5 Qc7 39. Kg1 Kg7 40. Kg2 Qc3 41. Kg1 Qd2 42. Qe8 Qb4 43. Kg2 h5 44.
Qb5 Qe4+ 45. Kh2 Qd5 46. Qb2+ Kg6 47. Qb5 Kf6 48. Qe8 Qf5 49. Kg2 Qd5+ 50.
Kh2 Kg7 51. Kg1 Qd1+ 52. Kg2 Qd5+ 53. Kg1 h4 54. gxh4 Qd1+ 55. Kh2 Qg4 56.
Qd8 f6 57. Qxa5 Qxh4+ 58. Kg2 Qg4+ 59. Kf1 Qd1+ 60. Kg2 Qg4+ 1/2-1/2

[Event "10th ECC w"]
[Site "Saint Vincent ITA"]
[Date "2005.09.23"]
[Round "6"]
[White "Bojkovic,N"]
[Black "Vasilevich,I"]
[Result "1/2-1/2"]
[WhiteElo "2386"]
[BlackElo "2407"]
[EventDate "2005.09.18"]

1. e4 c5 2. Nf3 e6 3. d4 cxd4 4. Nxd4 Nc6 5. Nc3 a6 6. Be2 Qc7 7. O-O Nf6
8. Be3 Be7 9. f4 d6 10. Kh1 O-O 11. Qe1 Nxd4 12. Bxd4 b5 13. a3 Bb7 14. Qg3
Bc6 15. Rae1 Qb7 16. Bd3 b4 17. Nd1 g6 18. Nf2 Rae8 19. axb4 Qxb4 20. Bc3
Qb7 21. Ng4 Nxg4 22. Qxg4 d5 23. Qe2 a5 24. exd5 Bxd5 25. Be4 Bb4 26. Bxd5
Qxd5 27. Rd1 Qc6 28. Bf6 Be7 29. Bc3 Bb4 30. Bf6 Be7 31. Bd4 Rc8 32. c3
1/2-1/2

[Event "10th ECC w"]
[Site "Saint Vincent ITA"]
[Date "2005.09.23"]
[Round "6"]
[White "Pogonina,N"]
[Black "Gaponenko,I"]
[Result "1/2-1/2"]
[WhiteElo "2413"]
[BlackElo "2439"]
[EventDate "2005.09.18"]

1. e4 e5 2. Nf3 Nf6 3. Nc3 Bb4 4. Nxe5 O-O 5. Nd3 Bxc3 6. dxc3 Nxe4 7. Nf4
Re8 8. Be2 d6 9. O-O Nc6 10. c4 h6 11. f3 Nf6 12. Rf2 Qe7 13. Bf1 Bf5 14.
Nd5 Nxd5 15. cxd5 Ne5 16. b3 Qf6 17. Bb2 Qg6 18. Rc1 a5 19. a3 Re7 20. Kh1
Rae8 21. Qd2 b6 22. Re2 f6 23. Rce1 Qf7 24. Re3 Kf8 25. c4 Nd7 26. Kg1 Rxe3
27. Rxe3 Rxe3 28. Qxe3 Qe8 29. Kf2 Bc2 30. b4 axb4 31. axb4 Qxe3+ 32. Kxe3
Bb3 33. Kd4 Bc2 34. Ba3 Ke7 35. f4 f5 36. Be2 Nf6 37. Bf3 h5 38. c5 bxc5+
39. bxc5 g6 40. c6 Be4 41. Bxe4 Nxe4 42. Bb4 Kd8 43. h3 Kc8 44. Be1 Kb8 45.
Ba5 Kc8 46. Kc4 Kb8 47. Bb4 Ka7 48. Ba3 Kb8 49. Bb2 Kc8 50. Bd4 Kb8 51. Kd3
Kc8 52. g4 Kb8 53. gxh5 1/2-1/2

[Event "10th ECC w"]
[Site "Saint Vincent ITA"]
[Date "2005.09.23"]
[Round "6"]
[White "Vasilevich,T"]
[Black "Grabuzova,T"]
[Result "1/2-1/2"]
[WhiteElo "2393"]
[BlackElo "2332"]
[EventDate "2005.09.18"]

1. d4 d5 2. c4 c6 3. Nf3 Nf6 4. Nc3 dxc4 5. a4 e6 6. e4 c5 7. Bxc4 cxd4 8.
Nxd4 Nc6 9. Nxc6 Qxd1+ 10. Kxd1 bxc6 11. Kc2 Bc5 12. f3 a5 13. Re1 Nd7 14.
Be3 Ba6 15. Bxa6 Rxa6 16. Rad1 Bxe3 17. Rxe3 Nc5 18. e5 Ke7 19. b3 Rb8 20.
Ne2 Rab6 21. Nd4 Rd8 22. Rc3 Na6 23. Kc1 Nb4 24. Rc4 Rd5 25. f4 g5 26. g3
g4 27. Rd2 h5 28. Kd1 Kd7 29. Ke2 Rb8 30. Nc2 Nxc2 31. Rdxc2 c5 32. Rxc5
Rxc5 33. Rxc5 Rxb3 34. Rxa5 Rb2+ 35. Ke3 Rxh2 36. Ra7+ Ke8 37. Ra8+ Ke7 38.
Rh8 Rg2 39. Rxh5 Rxg3+ 40. Ke4 Ra3 41. Rg5 Rxa4+ 42. Ke3 Ra3+ 43. Ke4 Rg3
44. f5 exf5+ 45. Kxf5 Rg1 46. Rxg4 Rxg4 1/2-1/2

[Event "10th ECC w"]
[Site "Saint Vincent ITA"]
[Date "2005.09.23"]
[Round "6"]
[White "Demina,J"]
[Black "Muhren,B"]
[Result "1/2-1/2"]
[WhiteElo "2298"]
[BlackElo "2269"]
[EventDate "2005.09.18"]

1. d4 d5 2. Nf3 c5 3. c4 dxc4 4. e3 cxd4 5. Bxc4 Qc7 6. Qb3 e6 7. exd4 Nc6
8. Nc3 a6 9. Be2 Nf6 10. O-O Be7 11. Be3 O-O 12. a3 Na5 13. Qa2 b5 14. Rac1
Qd6 15. Ne5 Bb7 16. Rfd1 Rac8 17. Bf4 Nd5 18. Nxd5 Qxd5 19. Qxd5 Bxd5 20.
Nd7 Rxc1 21. Rxc1 Nb3 22. Nxf8 Nxc1 23. Bxc1 Kxf8 24. a4 bxa4 25. Bxa6 Bf6
26. Be3 Be7 1/2-1/2

[Event "10th ECC w"]
[Site "Saint Vincent ITA"]
[Date "2005.09.23"]
[Round "6"]
[White "Schuurman,P"]
[Black "Korbut,E"]
[Result "0-1"]
[WhiteElo "2266"]
[BlackElo "2409"]
[EventDate "2005.09.18"]

1. d4 d5 2. c4 c6 3. Nc3 Nf6 4. Nf3 e6 5. e3 Nbd7 6. Bd3 dxc4 7. Bxc4 b5 8.
Bb3 b4 9. Ne2 Be7 10. Nf4 Ba6 11. Ng5 Qa5 12. h4 h6 13. Nxf7 Kxf7 14. Qc2
Nf8 15. Qxc6 Rc8 16. Bxe6+ Nxe6 17. Qxe6+ Ke8 18. Bd2 Qb5 19. Rc1 Rxc1+ 20.
Bxc1 Rf8 21. d5 Qc4 22. Bd2 Nxd5 23. Qxd5 Rxf4 24. Qxc4 Rxc4 25. Kd1 Rg4
26. g3 Bb7 27. Re1 Rc4 28. Bc1 b3 29. axb3 Bf3+ 30. Kd2 Bb4+ 31. Kd3 Bxe1
32. bxc4 Bxf2 33. b4 Bxg3 34. Bb2 Kf7 35. b5 Bxh4 36. Bd4 a6 37. bxa6 Bc6
38. Be5 Be7 39. Kd4 h5 40. e4 g5 0-1

[Event "10th ECC w"]
[Site "Saint Vincent ITA"]
[Date "2005.09.23"]
[Round "6"]
[White "Shadrina,T"]
[Black "Adriaans,M"]
[Result "1-0"]
[WhiteElo "2384"]
[BlackElo "2033"]
[EventDate "2005.09.18"]

1. e4 e6 2. d4 d5 3. Nc3 dxe4 4. Nxe4 Nd7 5. Nf3 Ngf6 6. Nxf6+ Nxf6 7. c3
c5 8. Ne5 a6 9. Bg5 cxd4 10. Qa4+ Bd7 11. Qxd4 Be7 12. O-O-O Bc6 13. Nxc6
bxc6 14. Qxd8+ Bxd8 15. Be2 Bb6 16. Bf3 Rc8 17. Rd2 Ke7 18. Rhd1 Rhd8 19.
Bh4 Rxd2 20. Rxd2 h6 21. Bg3 Ne8 22. Be5 f6 23. Bd4 Bxd4 24. Rxd4 c5 25.
Ra4 Nc7 26. Bb7 Rb8 27. Bxa6 Rb6 28. Be2 e5 29. f4 Kd6 30. fxe5+ Kxe5 31.
Ra7 Kd6 32. a3 f5 33. b4 cxb4 34. axb4 g5 35. Kb2 Nd5 36. Kb3 Ne3 37. c4
Ke5 38. c5 Rb8 39. Re7+ Kd4 40. Rd7+ Ke5 41. c6 Ke6 42. b5 Ra8 43. Rd2 1-0

[Event "10th ECC w"]
[Site "Saint Vincent ITA"]
[Date "2005.09.23"]
[Round "6"]
[White "Alexandrova,O"]
[Black "Todorovic,O"]
[Result "1/2-1/2"]
[WhiteElo "2397"]
[BlackElo "2051"]
[EventDate "2005.09.18"]

1. d4 d6 2. Nf3 Nd7 3. c4 e5 4. e4 Ngf6 5. Nc3 Be7 6. Be2 O-O 7. O-O c6 8.
Qc2 exd4 9. Nxd4 Nb6 10. Bf4 Bg4 11. f3 Be6 12. Nxe6 fxe6 13. Be3 d5 14. e5
Nfd7 15. cxd5 Nxd5 16. Nxd5 cxd5 17. f4 Rc8 18. Qd2 Bc5 19. Bg4 Qb6 20.
Bxc5 Rxc5 21. Kh1 Rfc8 22. Rac1 Qa6 23. Rfe1 g6 24. h3 Rxc1 25. Rxc1 Rxc1+
26. Qxc1 Kf7 27. b3 Qc6 28. Qe1 h5 29. Bf3 Qc5 30. Kh2 b6 31. Qh4 Qe7 32.
Qg3 Nc5 33. Qe1 a5 34. Qd2 Nd7 35. Be2 Nc5 36. Qe3 Qd8 37. Qd4 h4 38. Bf3
Qe7 39. Bd1 Nd7 40. Qf2 Kg7 41. Qf3 Nc5 42. Qg4 Kh6 43. Bc2 Ne4 44. Bxe4
dxe4 45. Qe2 Qb4 46. g3 hxg3+ 47. Kxg3 Qc3+ 48. Kh4 e3 49. Kg3 Qd2 50. Kf3
Kh5 51. Qxe3 Qxe3+ 52. Kxe3 Kh4 53. a4 Kxh3 54. Kd3 Kg3 55. Ke3 Kg4 56. Ke4
Kh5 57. Kd3 g5 58. fxg5 Kxg5 59. Kc4 Kf5 60. Kb5 Kxe5 61. Kxb6 Kd4 62. Kxa5
e5 63. Kb5 e4 64. a5 e3 65. a6 e2 66. a7 e1=Q 67. a8=Q Qe2+ 68. Kb4 Qe1+
1/2-1/2

[Event "10th ECC w"]
[Site "Saint Vincent ITA"]
[Date "2005.09.23"]
[Round "6"]
[White "Todorovic,V"]
[Black "Aginian,N"]
[Result "1-0"]
[WhiteElo "2109"]
[BlackElo "2324"]
[EventDate "2005.09.18"]

1. Nf3 Nf6 2. c4 c5 3. Nc3 d5 4. cxd5 Nxd5 5. e3 Nxc3 6. bxc3 e6 7. d4 Be7
8. Bd3 Nc6 9. O-O O-O 10. Ba3 Qa5 11. Bxc5 Bxc5 12. dxc5 Qxc5 13. Rb1 h6
14. Qa4 Ne5 15. Be4 Nxf3+ 16. Bxf3 Qxc3 17. Bxb7 Bxb7 18. Rxb7 a5 19. h3
Rfd8 20. Qf4 Qf6 21. Qe4 Rd5 22. Qa4 Rad8 23. Ra7 Qc3 24. Qf4 Rf5 25. Qh4
Qf6 26. Qxf6 gxf6 27. Rb1 Rd2 28. f4 Rc5 29. Rb8+ Kg7 30. Rbb7 Rcc2 31.
Rxf7+ Kg6 32. Rg7+ Kf5 33. Rxa5+ Ke4 34. Ra6 Rd1+ 35. Kh2 Kxe3 36. Rxe6+
Kf2 37. Rb6 Rxa2 38. Rb3 Rdd2 39. Rf3+ Ke1 40. Kg1 Re2 41. Rgg3 h5 42. Re3
h4 43. Rxe2+ Kxe2 44. Rg4 Ra1+ 45. Kh2 f5 46. Rxh4 Ra4 47. Rh5 Rxf4 48. Kg3
Ke3 49. Rh8 Re4 50. Rf8 f4+ 51. Kh2 Re6 52. h4 Ke4 53. Kh3 Rg6 54. h5 Rg3+
55. Kh2 Rg5 56. Rh8 Kf5 57. h6 Kg6 58. Kh3 Kf5 59. Rf8+ Kg6 60. Rxf4 Kxh6
61. Rh4+ Kg6 62. Rg4 Kh5 63. Rxg5+ Kxg5 64. Kg3 Kh5 65. Kf4 Kg6 66. Kg4 Kh6
67. Kf5 Kg7 68. Kg5 Kh7 69. Kf6 Kg8 70. Kg6 Kh8 71. g4 Kg8 72. g5 Kh8 73.
Kf7 1-0

[Event "10th ECC w"]
[Site "Saint Vincent ITA"]
[Date "2005.09.24"]
[Round "7"]
[White "Benderac,A"]
[Black "Matnadze,A"]
[Result "1/2-1/2"]
[WhiteElo "2289"]
[BlackElo "2389"]
[EventDate "2005.09.18"]

1. d4 Nf6 2. Nf3 e6 3. e3 b6 4. Bd3 Bb7 5. c4 a6 6. O-O d5 7. b3 Nbd7 8.
Bb2 Bd6 9. Nbd2 O-O 10. Qe2 Ne4 11. Rfd1 Qe7 12. Rac1 f5 13. Ne5 Nxe5 14.
dxe5 Bb4 15. Bxe4 dxe4 16. Nb1 Qe8 17. Ba3 a5 18. Rd4 f4 19. exf4 Rxf4 20.
Rcd1 Bxa3 21. Nxa3 Qe7 22. Nb5 Bc6 23. Nc3 Qg5 24. Nxe4 Qxe5 25. f3 Raf8
26. Qe3 Bxe4 27. Rxe4 Rxe4 28. Qxe4 Qxe4 29. fxe4 h6 30. Rd7 Rf7 31. Rd8+
Kh7 32. Re8 Rd7 33. Rxe6 Rd1+ 34. Kf2 Rd2+ 35. Kf1 Rxa2 36. Rc6 Rb2 37.
Rxc7 Rxb3 38. Ke2 Kg6 39. Ra7 Kf6 40. c5 bxc5 41. Rxa5 1/2-1/2

[Event "10th ECC w"]
[Site "Saint Vincent ITA"]
[Date "2005.09.24"]
[Round "7"]
[White "Cramling,P"]
[Black "Dzagnidze,N"]
[Result "1-0"]
[WhiteElo "2494"]
[BlackElo "2438"]
[EventDate "2005.09.18"]

1. d4 Nf6 2. Nf3 e6 3. c4 b6 4. Nc3 Bb4 5. Qb3 Qe7 6. Bf4 Nc6 7. a3 Bxc3+
8. Qxc3 Bb7 9. e3 d6 10. h3 Nd7 11. Bh2 e5 12. d5 Ncb8 13. e4 a5 14. b4 c5
15. bxa5 Rxa5 16. Be2 O-O 17. Nd2 Nf6 18. O-O Nbd7 19. Rfb1 Rfa8 20. Bd1
R5a6 21. Rb2 Nf8 22. a4 Ng6 23. Qe3 Bc8 24. Nb1 Nf4 25. Nc3 g5 26. Rab1 Qd8
27. Kh1 Bd7 28. h4 h6 29. hxg5 hxg5 30. g3 Nh3 31. f4 Kg7 32. fxe5 dxe5 33.
Bf3 Bxa4 34. Bg2 Ng4 35. Qf3 Nxh2 36. Kxh2 g4 37. Qxg4+ Ng5 38. Qf5 Bd7 39.
Qxe5+ f6 40. Qf4 Ra3 41. Ne2 b5 42. e5 fxe5 43. Qxe5+ Qf6 44. Qxf6+ Kxf6
45. cxb5 c4 46. b6 Nf3+ 47. Bxf3 Rxf3 48. b7 Rb8 49. Nd4 Rd3 50. Nc6 Rh8+
51. Kg1 Rxg3+ 52. Rg2 Rxg2+ 53. Kxg2 Bxc6 54. dxc6 c3 55. c7 1-0

[Event "10th ECC w"]
[Site "Saint Vincent ITA"]
[Date "2005.09.24"]
[Round "7"]
[White "Javakhishvili,L"]
[Black "Peptan,C"]
[Result "1-0"]
[WhiteElo "2410"]
[BlackElo "2411"]
[EventDate "2005.09.18"]

1. d4 Nf6 2. c4 e6 3. Nf3 b6 4. g3 Ba6 5. b3 Bb7 6. Bg2 c5 7. d5 exd5 8.
Nh4 g6 9. cxd5 Bg7 10. Bb2 O-O 11. O-O d6 12. Nc3 Nbd7 13. h3 Re8 14. Re1
Nh5 15. Qd2 f5 16. Nf3 Ne5 17. e4 Qd7 18. exf5 gxf5 19. Kh2 h6 20. Rad1
Rad8 21. Nh4 c4 22. f4 Nd3 23. Re6 Nxb2 24. Qxb2 Rxe6 25. dxe6 Qxe6 26.
Bxb7 Bxc3 27. Qc2 cxb3 28. axb3 Qf6 29. Nxf5 Kf8 30. Nxh6 Rd7 31. Ng4 Qh8
32. Qf5+ Ke7 33. Bd5 Nf6 34. Qe6+ Kd8 35. Bc6 Nxg4+ 36. Qxg4 Rg7 37. Rxd6+
Kc7 38. Rd7+ Kb8 39. Rxg7 Qxg7 40. Qxg7 Bxg7 41. g4 Kc7 42. Be4 b5 43. h4
a5 44. g5 Kd6 45. h5 a4 46. bxa4 bxa4 47. h6 Bf8 48. Kg3 a3 49. Bb1 Ke6 50.
Kg4 Kf7 51. g6+ 1-0

[Event "10th ECC w"]
[Site "Saint Vincent ITA"]
[Date "2005.09.24"]
[Round "7"]
[White "Lomineishvili,M"]
[Black "Maric,A"]
[Result "0-1"]
[WhiteElo "2420"]
[BlackElo "2415"]
[EventDate "2005.09.18"]

1. e4 e6 2. d4 d5 3. Nd2 c5 4. exd5 Qxd5 5. Ngf3 cxd4 6. Bc4 Qd6 7. O-O Nc6
8. Nb3 Nf6 9. Nbxd4 Nxd4 10. Nxd4 a6 11. c3 Qc7 12. Qf3 Bd6 13. h3 Be5 14.
Bb3 Bd7 15. Re1 O-O 16. Bg5 h6 17. Be3 Rad8 18. Re2 Bc8 19. Rae1 Nd5 20.
Bc1 Bf4 21. Bxf4 Nxf4 22. Re4 Nd5 23. Rg4 b5 24. h4 Rfe8 25. Bxd5 exd5 26.
Rxe8+ Rxe8 27. Rg3 Re1+ 28. Kh2 Qe7 29. Qh5 Re4 30. Nf3 Qd6 31. Kg1 Be6 32.
Nd4 Bg4 33. Qxg4 Rxg4 34. Rxg4 Qe5 35. Kf1 g6 36. g3 Kg7 37. Rf4 Qh5 38.
Nf3 d4 39. cxd4 Qd5 40. Ne5 f6 41. Ng4 g5 42. Rxf6 Qh1+ 43. Ke2 Qe4+ 44.
Kf1 Qxg4 45. hxg5 a5 46. Ra6 a4 47. gxh6+ Kh7 48. b3 axb3 49. axb3 Qxd4 50.
Kg2 Qd5+ 51. Kh3 Qxb3 52. Kh4 Qf3 53. g4 Qxf2+ 54. Kh5 Qf7+ 55. Kh4 b4 56.
g5 Qc4+ 0-1

[Event "10th ECC w"]
[Site "Saint Vincent ITA"]
[Date "2005.09.24"]
[Round "7"]
[White "Adriaans,M"]
[Black "Mkrtchian,L"]
[Result "0-1"]
[WhiteElo "2033"]
[BlackElo "2447"]
[EventDate "2005.09.18"]

1. d4 Nf6 2. c4 e6 3. Nf3 d5 4. Nc3 Be7 5. Bg5 h6 6. Bh4 O-O 7. e3 b6 8.
Bd3 Bb7 9. O-O Nbd7 10. Qe2 Ne4 11. Bxe7 Qxe7 12. Rac1 c5 13. Rfd1 cxd4 14.
Nxd4 Ne5 15. cxd5 exd5 16. Ba6 Bxa6 17. Qxa6 Nxf2 18. Nxd5 Qg5 19. Rd2 Ne4
20. Rdd1 Rad8 21. Nf4 Rxd4 22. exd4 Nf3+ 0-1

[Event "10th ECC w"]
[Site "Saint Vincent ITA"]
[Date "2005.09.24"]
[Round "7"]
[White "Lahno,Kateri"]
[Black "Schuurman,P"]
[Result "1-0"]
[WhiteElo "2498"]
[BlackElo "2266"]
[EventDate "2005.09.18"]

1. e4 c6 2. d4 d5 3. e5 Bf5 4. Nf3 e6 5. Be2 Nd7 6. O-O Bg6 7. c3 Nh6 8.
Na3 Nf5 9. Nc2 Be7 10. Nce1 O-O 11. g3 c5 12. h3 Nb8 13. Ng2 Nc6 14. g4 Nh6
15. a3 Be4 16. b4 cxd4 17. cxd4 Qb6 18. Be3 a5 19. b5 Na7 20. Nd2 Bg6 21.
f4 f5 22. exf6 Bxf6 23. Nf3 Be7 24. Ne5 Be8 25. a4 Nf7 26. Bd3 Nxe5 27.
fxe5 Rxf1+ 28. Qxf1 Bg6 29. Bxg6 hxg6 30. Qd3 g5 31. Ne1 Rf8 32. Kg2 Qd8
33. Qg6 Qd7 34. Nf3 Nc8 35. Bxg5 Bb4 36. Bh6 Qf7 37. Qxf7+ Rxf7 38. Bd2
Bxd2 39. Nxd2 Nb6 40. Rc1 Rf4 41. Nf3 Nc4 42. Kg3 Re4 43. Ng5 Rxd4 44. Nxe6
Re4 45. Nc5 Rxe5 46. Nxb7 Re3+ 47. Kf4 Rxh3 48. Rd1 Nb6 49. Rd4 Ra3 50. Ke5
Nxa4 51. Kxd5 Kf7 52. Kc6 Rc3+ 53. Kd6 Nb6 54. Nxa5 Nc8+ 55. Ke5 Ra3 56.
Nc4 Rb3 57. Rd5 Ke7 58. Na5 Rb1 59. Nc6+ Kf7 60. Rd7+ Kg6 61. Rb7 Rd1 62.
Nd4 Re1+ 63. Kd5 Ne7+ 64. Kd6 Kf6 65. g5+ Kf7 66. Nc6 Rd1+ 67. Kc5 Rd5+ 68.
Kb6 Rxg5 69. Rxe7+ Kf6 70. Re2 1-0